[Event "Las Palmas"]
[Site "Las Palmas"]
[Date "1996.12.20"]
[Round "9"]
[White "Kramnik, Vladimir"]
[Black "Ivanchuk, Vassily"]
[Result "1-0"]
[WhiteElo "2765"]
[BlackElo "2730"]
[Annotator "Kramnik,V"]
[PlyCount "93"]
[EventDate "1996.12.08"]
[EventType "tourn"]
[EventRounds "10"]
[EventCountry "ESP"]
[EventCategory "21"]
[SourceTitle "CBM 057"]
[Source "ChessBase"]
[SourceDate "1997.04.01"]
[SourceVersion "1"]
[SourceVersionDate "1997.04.01"]
[SourceQuality "1"]

1. Nf3 {Dolmatov Hecht} Nf6 2. c4 g6 3. Nc3 d5 4. cxd5 Nxd5 5. Qa4+ Bd7 6. Qh4
Nxc3 7. dxc3 (7. Qd4 $5 f6 8. Qxc3 Nc6 9. e4 e5 10. a3 Qe7 11. Bc4 O-O-O 12.
O-O {with mutual chances, Rahman-Isaev, 32 Chess Ol, Yerevan 1996}) 7... e5 (
7... Nc6 {Dolmatov} 8. g3 e5 9. Bg5 Be7 10. O-O-O h6 11. Bh3 Bxg5+ 12. Nxg5
Qxg5+ 13. Qxg5 hxg5 14. Bxd7+ Ke7 15. Rd5 $14) 8. Bg5 Be7 9. e4 Nc6 10. Bc4 h6
11. Bxe7 Qxe7 12. Qg3 (12. Qxe7+ Kxe7 {Endgame is even, Skomorokhin,R-Huzman,A,
1996}) (12. O-O-O {Dolmatov} Qxh4 13. Nxh4 Rd8 14. Bd5 Ke7 15. Nf3 Kf6 16. Rd3
Be8 17. Rhd1 b6 18. b4 Nb8 19. Kb2 Bb5 20. R3d2 Ba4 $10 {Kramnik,V-Yudasin,L/
Wijk aan Zee/1995/}) 12... O-O-O (12... O-O $4 13. Qxg6+) 13. O-O (13. Bd5 h5
14. h4 Rde8 15. O-O-O Nd8 16. Rd2 Qf6 17. Ng5 c6 18. Bb3 Ne6 19. Qe3 a6 20.
Rhd1 Rd8 21. Rd6 Qe7 22. Bxe6 Bxe6 23. Qc5 Rxd6 24. Rxd6 Qf6 25. g3 {Vera,
R-Gonzalez Diaz,D/Aceimar op 1995/1-0 (64)}) 13... Qf6 (13... g5 {Dolmatov} 14.
Rfd1 f6 15. Nd2 Be6 16. Qf3 Rd6 17. b3 $14 a5 $6 18. Bxe6+ Qxe6 19. Nc4 Rxd1+
20. Rxd1 $16 {1/2-1/2 Kharitonov,A-Yandemirov,V/Kolontaevo/1994 (38) ><f5, a5})
(13... Be6 $2 {Dolmatov} 14. Bb5) (13... Rhe8 $5 {Dolmatov} 14. Rad1 Na5 15.
Be2 (15. Bd5 c6 16. Bb3 Nxb3 17. axb3 g5 18. Nd2 f6 19. Qe3 Kb8 20. Ra1 b6 21.
Nc4 Be6 $10) 15... f5 16. Qxg6 Rg8 17. Qxh6 fxe4 $132) (13... g5 $142 {/\
f7-f6, Bd7-e6}) (13... Rde8 $5 14. Rad1 Nd8 15. Rfe1 $14) (13... h5 14. b4 h4
15. Qg5 f6 16. Qe3 Kb8 17. Bd5 Rde8 18. Nd2 f5 19. exf5 gxf5 20. f4 Qg7 21. Nb3
Nd8 22. Nc5 Bc8 23. fxe5 Rxe5 24. Qd4 $14 {1/2-1/2 Wilhelmi,C-Vogel,R/BL2-N
9596/1996/ (44)}) 14. Rad1 Rhe8 (14... Be6 $2 15. Bd5) 15. Bd5 $1 Re7 {/\ Qf4}
16. Nd2 Qf4 17. Nc4 (17. Qd3 Bg4 18. f3 Be6 19. Nb3 Bxd5 20. exd5 Red7) 17...
Bg4 (17... Qxg3 {Dolmatov} 18. fxg3 $5 (18. hxg3 h5 19. f4 $14) 18... Rf8 (
18... Be6 19. Rf6 Bxd5 20. exd5 e4 $1 $14) 19. Rf6 Nd8 20. Rdf1 $16) (17... Be6
$1 18. Bxe6+ (18. Rd2 Bxd5 19. Qxf4 exf4 20. exd5 Ne5 $10) 18... Rxe6 19. Rxd8+
Nxd8 20. Qd3 $14) 18. Rd2 (18. f3 Qxg3 19. hxg3 Be6 20. Bxe6+ Rxe6 21. Rxd8+ (
21. g4 Rh8 $5 {/\ h6-h5}) 21... Nxd8 22. g4 {><h6} f6 23. Kf2) 18... Red7 (
18... Kb8) 19. f3 Qxg3 (19... Be6 $2 20. Bxe6 fxe6 21. Rxd7 Rxd7 22. Qxg6 $18)
20. hxg3 Be6 {Trotz der symmetrischen Bauernstruktur steht Weiß besser.} 21.
Rfd1 (21. Bxe6 {Dolmatov} fxe6 22. Rxd7 Rxd7 23. g4 (23. f4 $16) 23... b5 24.
Ne3 Rd2 25. Rf2 Rxf2 26. Kxf2 g5) 21... h5 (21... a5 22. a4 Bxd5 23. exd5 Ne7
24. Nxe5 Rxd5 25. Rxd5 Rxd5 26. Rxd5 Nxd5 27. Nxf7 $16) (21... Bxd5 22. exd5
Ne7 23. Nxe5 Rxd5 24. Rxd5 Rxd5 25. Rxd5 Nxd5 26. Nxf7 $16) 22. a3 {White
stays better} (22. Bxc6 {Dolmatov} Rxd2 23. Rxd2 Rxd2 24. Bxb7+ Kxb7 25. Nxd2
Bxa2 26. b3 $2 a5 $10) 22... Kb8 23. Kf2 a6 {><a6} (23... Re7 {Dolmatov} 24.
Bxc6 Rxd2+ 25. Rxd2 $18 (25. Rxd2 bxc6 26. Na5)) (23... Kc8 $5 24. Bxc6 $140
Rxd2+ 25. Rxd2 Rxd2+ 26. Nxd2 bxc6 27. f4 exf4 28. gxf4 Kd7 $14) 24. Bxc6 (24.
Ke3 $6 {Dolmatov} Re7 25. Bxc6 Rxd2 26. Rxd2 Bxc4 27. Rd8+ Ka7 28. Bd5 $14) (
24. Bxe6 Rxd2+ 25. Rxd2 Rxd2+ 26. Nxd2 fxe6 27. f4 $16 Kc8 28. Nf3 Kd7 $1 29.
Nh4 Ne7) 24... Rxd2+ 25. Rxd2 Rxd2+ 26. Nxd2 bxc6 {[#] Hecht starker Springer
bei schlechter schwarzer Bauernstruktur.} 27. f4 $1 {Dolmatov: Black cannot
protect his King-side. It is obvious that White Knight is clearly better than
Black Bishop, and Kramnik demonstrates an excellent technique} exf4 (27... Kc8
{Dolmatov} 28. fxe5 Kd7 29. Ke3 Ke7 30. Kf4 $18) (27... f6 28. fxe5 fxe5 29.
Nf3 $16) 28. gxf4 Kc8 (28... f6 29. Kg3 g5 30. fxg5 fxg5 31. Nf3 g4 32. Nd4 $16
) (28... h4 29. Nf3 h3 30. gxh3 Bxh3 31. Ng5 Be6 32. Nxe6 fxe6 33. Kg3 $18) 29.
Kg3 (29. Ke3) 29... Kd7 30. Kh4 f6 (30... Kd6 31. Kg5 Ba2 32. Kf6 $16) 31. e5
$1 fxe5 (31... Ke7 $5 {Dolmatov} 32. g3 (32. Ne4 fxe5 33. fxe5 Bd5 34. Nc5 Bxg2
35. Nxa6 (35. Kg5 Bf1 (35... Bh3 36. Kxg6 Bg4 37. Kg5) 36. a4 Be2 (36... a5 37.
b4 axb4 38. cxb4 $18) 37. a5 Bf1 (37... Bg4 38. Nxa6 Ke6 39. Nc5+ $18) 38. b3
Be2 39. c4 Bd1 40. b4 Be2 41. Nxa6 Bxc4 42. Nc5 $18) 35... Ke6 $10) 32... Bd5
33. c4 Bg2 34. exf6+ Kxf6 35. Nb3 Bf1 36. Na5 Be2 37. b3 Bd1) (31... f5 32. Kg5
Bf7 33. Kf6 Be8 34. Nf3 $18) 32. fxe5 Bd5 (32... Bf5 33. Nb3 $1 (33. Kg5 Ke6
34. Kf4 c5 35. g3 Bc2 $14) 33... Ke6 34. Nc5+ Kxe5 35. Nxa6 $16) 33. g3 Ke6 34.
Kg5 Kxe5 (34... Kf7 $5 {Dolmatov} 35. Nf1 Be4 36. Kf4 Bf5 37. Nd2 Ke6 38. Nf3
Kd5 39. Nd4) (34... Kf7 $142) 35. Kxg6 h4 (35... c5 36. b3 a5 37. Kxh5 $18) 36.
gxh4 Kf4 37. h5 {White is winning} Ke3 38. c4 $1 Bg2 (38... Be6 39. h6 Kxd2 40.
h7 $18) (38... Bg8 39. h6 Kxd2 40. Kg7 $18) 39. Nb3 (39. h6 $4 Kxd2 40. h7 Be4+
) 39... Bf1 40. h6 (40. Na5 {Dolmatov} Bd3+ 41. Kg7 c5 42. h6 Kd2 43. Nc6 Kc2
44. Ne5 $18) 40... Bxc4 41. Nc5 (41. h7 $2 Bd3+ 42. Kg7 Bxh7 43. Kxh7 Kd3 44.
Nc5+ Kc2 45. b3 Kb2 46. a4 Ka3 $132) 41... Ba2 42. Kg7 Bb1 43. Nxa6 (43. Ne6 {
/\ Ne6-f8-g6+-}) 43... Kd4 (43... Kd2 44. a4 Kc1 45. a5 Kxb2 46. Nc5 $18) 44.
Nxc7 Kc4 45. Ne6 (45. a4 Kb4 46. b3 $18) 45... Kb3 46. Nd4+ (46. h7 {Dolmatov}
Bxh7 47. Kxh7 Kxb2 48. a4 $18) 46... Kxb2 47. Nxc6 (47. Nxc6 {Dolmatov} Kxa3
48. Ne5 Kb4 49. Ng6 Bxg6 50. Kxg6) (47. a4 c5 48. Nb5 Kb3 49. a5 Kb4 50. a6
Kxb5 51. a7 $18) 1-0

[Event "Linares 14th"]
[Site "Linares"]
[Date "1997.02.11"]
[Round "7"]
[White "Kramnik, Vladimir"]
[Black "Polgar, Judit"]
[Result "1-0"]
[WhiteElo "2740"]
[BlackElo "2645"]
[Annotator "Psakhis,L"]
[PlyCount "75"]
[EventDate "1997.02.04"]
[EventType "tourn"]
[EventRounds "11"]
[EventCountry "ESP"]
[EventCategory "18"]
[SourceTitle "CBM 057"]
[Source "ChessBase"]
[SourceDate "1997.04.01"]
[SourceVersion "1"]
[SourceVersionDate "1997.04.01"]
[SourceQuality "1"]

1. Nf3 Nf6 2. c4 g6 3. Nc3 Bg7 4. d4 d6 5. e4 O-O 6. Be2 e5 7. O-O Nc6 8. d5
Ne7 9. b4 Nh5 10. Re1 f5 11. Ng5 Nf6 12. Bf3 c6 13. Be3 $5 {[%cal Ye3a7] N/
Strong novelty in wellknown position. Kramnik preferes to increase preasure on
queen side, than to put bishop on b2, where Black,s defence is not so easy.
For example} (13. Bb2 h6 14. Ne6 Bxe6 15. dxe6 fxe4 16. Nxe4 Nxe4 17. Bxe4 (17.
Rxe4 Nf5 18. b5 $1 Rc8 $1 19. Re2 Re8 20. bxc6 bxc6 21. c5 d5 22. Bxe5 Bxe5 23.
Rxe5 Qf6 $10 {1/2-1/2 Dautov,R-Kindermann,S/Nussloch 66/533 1996 (24)}) 17...
Nf5 18. b5 Qe8 19. Re2 Rc8 20. Qa4 Qxe6 21. bxc6 bxc6 22. Bxc6 Kh7 23. Bd5 Qe7
24. Rd1 $16 {1-0 Ionov,S-Cvitan,O/EU-Cup Budapest 1996 (53)}) (13. b5 cxd5 14.
cxd5 h6 15. Ne6 Bxe6 16. dxe6 fxe4 (16... Rc8 $5 17. Qb3 d5 $5 18. Rd1 (18.
exd5 e4 19. d6 Qxd6 20. Ba3 Qc7) 18... d4 $13) 17. Nxe4 (17. Bxe4 $13 d5 $5)
17... Nxe4 18. Bxe4 d5 {1/2-1/2 Danielian,O-Golubev,M/Moscow 1996 (22)}) (13.
Qb3 h6 14. Ne6 Bxe6 15. dxe6 fxe4 16. Nxe4 Nxe4 17. Bxe4 Rf6 $13) 13... cxd5 (
13... f4 {Usually it is not good for Black to close king side.} 14. Bc1 (14.
Bd2 h6 15. Ne6 Bxe6 16. dxe6 Qc8) 14... cxd5 15. cxd5 Qb6 16. Qb3 $36 {[%cal
Yg5e6,Yb3g8]}) (13... h6 14. Ne6 Bxe6 15. dxe6 Ne8 16. Qb3 Qc8 17. c5 fxe4 $140
18. cxd6 exf3 $6 19. dxe7 Rf5 20. Rad1 $18) 14. cxd5 h6 15. Ne6 Bxe6 16. dxe6
fxe4 17. Nxe4 Nxe4 18. Bxe4 d5 19. Bc2 (19. Bc5 dxe4 20. Qxd8 Rfxd8 21. Bxe7
Re8 (21... Rd4 $2 22. Rac1 $16) 22. Bc5 $5 (22. Bh4 Rxe6 23. Rxe4 (23. Rac1 Ra6
) 23... Rc8 $11) 22... b6 23. Be3 Rxe6 24. a4 $44) 19... e4 ({After} 19... d4
20. Bd2 d3 21. Bb3 Qb6 22. Be3 (22. Re3 e4 23. Rc1 Bd4) 22... Qxb4 23. Rc1 Rfd8
(23... Rac8 24. Qxd3 $16) 24. Bc5 Qh4 (24... Qxe1+ 25. Qxe1 d2 26. Qd1 dxc1=Q
27. Qxc1 Rac8 28. Qa3 $16) 25. Re3 e4 26. Rc4 $16 {advantage also on the white
side.}) 20. Rc1 {[%cal Re4e3,Re3c5,Re3e4,Rc2b3]} (20. Bd4 $6 Qc8 $1 21. Bxg7
Kxg7 22. Qd4+ Rf6 $15) 20... d4 {Judit playing in her usual active stile, but ,
unfortunately, she could't give answer on question: how to protect her,s pawns
in the center.} 21. Bd2 e3 {Best chance.} (21... d3 22. Bb3 Bd4 23. Be3 Bxe3
24. Rxe3 Qd4 25. Qd2 Rac8 (25... Nd5 26. e7 $1 Rf7 27. Rc4 Qa1+ 28. Re1 $18)
26. Rce1 Rf4 27. g3 $18 {lose without any fight.}) 22. fxe3 d3 23. Bb3 Qd6 24.
Qg4 Be5 25. Rf1 $1 {h2 pawn is less important than possible Black,s activity
after} (25. Qh4 Rf5 $1) 25... Bxh2+ 26. Kh1 Qg3 (26... Be5 27. b5 $1 {[%cal
Rd2b4]} Qb6 28. Rf7 Rxf7 29. exf7+ Kg7 30. Rf1 Rf8 31. Bb4 $18) 27. Qd4 $1 (27.
Qxg3 Bxg3 28. Rf7 Rxf7 (28... Bd6 29. Rc3 Bxb4 30. Rxd3 Bxd2 31. Rxd2 Rxf7 32.
exf7+ Kg7) 29. exf7+ Kg7 $16 {is good for White, but move in the game is
stronger.}) 27... Qe5 (27... Qd6 28. Rf7) 28. Rf7 $1 Rxf7 {} (28... Nf5 29.
Rxf5 $1 (29. e7 $4 Rxf7 30. Qd8+ Kg7 31. Bxf7 Ng3+ 32. Kxh2 Ne2+ $19) 29...
Rxf5 (29... gxf5 30. Qd7 $18) 30. e7+ (30. Qd7 Qb8 31. e7+ Kh8 32. g4 $1 Re5
33. Bf7 $18) 30... Kh7 31. Qd7 Qg7 (31... Rf7 32. Bxf7 Bg3 33. Be6 $18)) (28...
Rae8 29. Rcf1 $18 (29. Bc3 $5)) 29. exf7+ Kh7 30. Qxe5 $1 {Simple ans strong.}
Bxe5 31. Rc5 Bd6 (31... Bg7 32. Rc7 $18) 32. Rc4 {[%cal Rc4d4,Rd4d7]} Nc6 (
32... Nf5 33. g4 Ng3+ 34. Kg2 Ne2 35. Re4 Rf8 36. Bc4 $18) 33. b5 Ne5 34. Rd4
$18 Bf8 35. Re4 Bg7 36. Bb4 {[%csl Re5][%cal Rf7f8]} d2 37. Rxe5 (37. Bxd2 Rf8
38. Bb4 Rxf7 39. Bxf7 Nxf7 40. Re7 $18) 37... Rd8 38. Re8 (38. Re8 d1=Q+ 39.
Bxd1 Rxd1+ 40. Kh2) 1-0

[Event "Linares 14th"]
[Site "Linares"]
[Date "1997.02.13"]
[Round "8"]
[White "Shirov, Alexei"]
[Black "Kramnik, Vladimir"]
[Result "1/2-1/2"]
[WhiteElo "2690"]
[BlackElo "2740"]
[Annotator "Shirov,A"]
[PlyCount "65"]
[EventDate "1997.02.04"]
[EventType "tourn"]
[EventRounds "11"]
[EventCountry "ESP"]
[EventCategory "18"]
[SourceTitle "CBM 057"]
[Source "ChessBase"]
[SourceDate "1997.04.01"]
[SourceVersion "1"]
[SourceVersionDate "1997.04.01"]
[SourceQuality "1"]

1. e4 {Petursson} c5 2. Nf3 d6 3. d4 cxd4 4. Nxd4 Nf6 5. Nc3 Nc6 6. Bg5 e6 7.
Qd2 a6 8. O-O-O h6 9. Be3 Be7 10. f4 Nxd4 11. Bxd4 b5 12. Kb1 Bb7 13. Bd3 O-O
14. e5 dxe5 15. fxe5 Nd7 16. Ne4 Bxe4 17. Bxe4 {So far nothing new. This
position had already occured in the game Ye Jiangchuan-Kramnik in the last
Olympiad. It was clear however that Kramnik would improve somewhere since he's
decided to repeat the line. The only question is where? Now comes the answer.}
Rb8 $3 {This is a lot stronger than} (17... Rc8 {which let White smoothly
organize a strongest attack in the above-mentioned game. Now Black intends to
comfortably complete his development and try to change bishops. If White plays
c3 one day, Black will get excellent chances by playing b4. I was figuring it
out for about an hour and realized that to go for his exchange is probably the
best way.} 18. Qe2 {Petursson} Qc7 19. c3 (19. h4 Nc5 20. Bxc5 Bxc5 21. g4 g6
22. h5 g5 23. Bd3 Qc6 24. Rhf1 Rfd8 25. c3 Bf8 26. Bc2 Qc4 27. Bd3 Qc6 28. Bc2
Qc4 {1/2-1/2 Tseshkovsky,V-Kiselev,S/RUS-chT Kazan 1995/CBM 51}) 19... Rfd8 20.
Rhf1 (20. h4 Bc5 21. g4 g6 22. h5 g5 23. Rhf1 Nf8 24. a3 Qa7 25. Qf2 Bxd4 26.
cxd4 Qe7 {1/2-1/2 Peng Xiaomin-Thorhallsson,T/Erevan olm 1996/EXT 96ch2 (48)})
20... Bc5 21. g4 Nf8 22. g5 hxg5 23. Qh5 Qa7 {1/2-1/2 Ye Jiangchuan-Kramnik,V/
Erevan olm 1996/CBM 55 (31)}) 18. Ba7 {However it was also clear that Black
would achieve an excellent compensation and also that Kramnik was familiar
with the position. Fortunately I already had something in mind myself.} (18. c3
{Petursson} b4) 18... Nxe5 19. Qc3 $1 (19. Qf4 Bd6 {would be even less
attractive.}) 19... Bd6 20. Qd4 $1 (20. Bxb8 Qxb8 {again would give Black an
easy game meanwhile for White it's not so easy to prevent threats like ...Nc4
and ...Be5}) 20... Bc7 (20... Nc4 $5 {Petursson} 21. Bd3 Qc7 22. Bxc4 Be5 23.
Bxb8 (23. Qc5 $2 Qxc5 24. Bxc5 bxc4 $17) 23... Rxb8 24. Qd7 Qxc4 $44 {/\ Rc8})
21. Qc5 $1 Qc8 22. Rhe1 $1 {This was my idea. I am trying to place my pieces
as well as possible before taking the exchange.} Nc4 (22... Rb7 {I was
planning to answer with} 23. Qg1 $1 {and take the exchange then.}) 23. Bxb8 {
Now there was already no choice as my early intention} (23. b3 $2 {would just
fail to} Bb6) 23... Qxb8 24. g3 {I wanted to defend my kingside pawns as I
thought that I was still fighting for advantage. After} (24. Bd3 {Black would
have two ways to equality i.e.} Rc8 (24... Bd6 25. Qd4 Be5 26. Qe4 f5 27. Qc6
Nxb2 28. Qxe6+ Kh8 29. Qxe5 Qxe5 30. Rxe5 Nxd1 31. Bxf5 Ne3 $11 {is sufficient
too}) 25. Bxc4 (25. Qh5 Bxh2 26. Bxc4 bxc4 27. Rd7 Qf4 $15) 25... Ba5 26. Qh5
Bxe1 27. Bxe6 fxe6 28. Rxe1 Qd6 $11) 24... Be5 25. c3 Rc8 26. Qe7 b4 $1 {
This leads to the draw by force and I must admit that I overlooked the final
combination in my earlier calculations. I mostly expected} (26... Nxb2 $5 {
after which I would have to make a choice between} 27. Kxb2 (27. Rd7 $5 Na4 28.
Qxf7+ Kh8 29. Rc1 {and now Black can do neither} Nc5 $1 (29... Qb6 30. Qg6
Nxc3+ 31. Rxc3 Qg1+ 32. Kb2 Qxh2+ 33. Bc2 Bxc3+ 34. Kb3 $18 {nor}) (29... b4
30. Qg6 Nxc3+ 31. Rxc3 bxc3+ 32. Kc2 Qb2+ 33. Kd1 c2+ (33... Qa1+ 34. Ke2 Qxa2+
35. Ke3 $18) 34. Bxc2 Qxc2+ 35. Qxc2 Rxc2 36. Kxc2 $18 {but}) 30. Qg6 Nxe4 31.
Qxe4 Rc4 (31... Bxc3 32. Rxc3 Rxc3 33. Qd4 $18) 32. Qd3 Bf6 {and his
compensation for the exchange seems reasonable; or}) 27... Bxc3+ 28. Kb1 Bxe1
29. Rxe1 $14 {with the slightly better chances because of the strong bishop. I
should also mention that variations like}) (26... Bf6 27. Qb7 b4 28. cxb4 Nxb2
29. Rc1 Nc4 30. a4 Bg5 (30... Be7 31. Qxe7 Rc7 32. Qxc7 Qxc7 33. Red1 $18) 31.
Qxb8 Nd2+ 32. Ka2 Rxb8 33. Rc7 {are completely disgusting for Black.}) 27. Qxb4
Qc7 $1 {This came as a big surprise. I was counting on} (27... Nxb2 $2 28. Qxb2
Qc7 29. Qc2 Bxc3 30. Re2 $1 $18 {or}) (27... Qxb4 28. cxb4 Nxb2 (28... Bxb2 29.
Kc2 $16) 29. Bb7 Rb8 30. Rd7 Nc4 31. Bxa6 Rxb4+ 32. Kc2 $16) 28. Qb7 {The only
move.} (28. Bb7 $2 {Petursson} Rb8 29. Re4 Nxb2 $1) (28. Bd3 $2 {Petursson}
Nxb2 $1) 28... Na3+ $1 {A beatiful drawish combination.} (28... Qxb7 {Petursson
} 29. Bxb7 Rb8 30. Rxe5 Nxe5 31. Bxa6 $18) 29. Kc1 (29. Ka1 Nc2+ $11 {is the
same story.} (29... Nc2+ {Petursson} 30. Kb1 Nxe1 (30... Na3+ 31. Ka1 Nc2+ $11)
31. Rxe1 Qxb7 32. Bxb7 Bxc3)) (29. bxa3 {Petursson} Rb8) 29... Bf4+ $1 (29...
Qxc3+ {Petursson} 30. bxc3 Rxc3+ 31. Kd2) 30. gxf4 Qxf4+ 31. Rd2 Rd8 32. Red1 {
Again the only move.} (32. Bh7+ $2 Kh8 (32... Kxh7 $4 33. Qe4+) 33. Bd3 (33.
Qg2 {Petursson} Nc4 $19) 33... Nc4 $17) 32... Rxd2 {avoiding the last little
trap} (32... Nc4 $4 33. Qc7 $18) 33. Rxd2 {Draw because of the perpetual after}
(33. Rxd2 Qf1+ 34. Rd1 Qf4+ 35. Rd2 $11 {. Just like in my Olympiad game
against Kasparov, the opponents disagreed about who was finding his way to
draw.} (35. Rd2 {Petursson} Qf1+)) 1/2-1/2

[Event "Dos Hermanas"]
[Site "Dos Hermanas"]
[Date "1997.04.01"]
[Round "1"]
[White "Kramnik, Vladimir"]
[Black "Anand, Viswanathan"]
[Result "1/2-1/2"]
[WhiteElo "2740"]
[BlackElo "2765"]
[Annotator "Ribli,Z"]
[PlyCount "81"]
[EventDate "1997.04.01"]
[EventType "tourn"]
[EventRounds "9"]
[EventCountry "ESP"]
[EventCategory "19"]
[SourceTitle "CBM 059"]
[Source "ChessBase"]
[SourceDate "1997.08.01"]
[SourceVersion "1"]
[SourceVersionDate "1997.08.01"]
[SourceQuality "1"]

1. Nf3 Nf6 2. c4 e6 3. Nc3 d5 4. d4 dxc4 5. e4 Bb4 6. Bg5 c5 7. Bxc4 cxd4 8.
Nxd4 Bd7 {Das ist ein von Morozevich in die Tuernierpraxis eingeführter Zug.
Ribli.} (8... Bxc3+ 9. bxc3 Qa5 10. Bb5+ Bd7 (10... Nbd7 11. Bxf6 Qxc3+ 12. Kf1
gxf6 13. h4 a6 14. Rh3 Qa5 15. Be2 O-O $146 16. Rc1 $1 Ne5 17. Qb3 {1-0
Stefansson,H-Petursson,M/Reykjavik 1996 (31)}) 11. Bxf6 gxf6 12. Qb3 a6 13. Be2
Nc6 14. O-O Qc7 15. Rad1 Rc8 16. Qa3 $1 {1-0 Beliavsky,A-Lukacz,P/AUT-chT9697
1997 (23)} (16. Qb2 Nxd4 17. cxd4 Qc2 $11)) 9. O-O (9. e5 $6 Qa5 10. exf6 Qxg5
(10... Bxc3+ $6 11. bxc3 Qxc3+ $2 12. Qd2 Qxa1+ 13. Ke2 {Weiß spielt wie
Andersen vor 150 Jahre.Ribli.} Qxh1 14. fxg7 Rg8 15. Nf5 $40) 11. fxg7 Rg8 12.
O-O Rxg7 13. g3 Nc6 $13 {Die Bauernstruktur von Schwarz ist etwas angegriffen,
aber er hat das Läuferpaar und große Aktivität.Ribli.}) 9... Nc6 10. Rc1 h6 (
10... a6 11. a3 $1 Be7 12. Nf3 $14 Ng4 13. Bxe7 Qxe7 14. Qe2 Qf6 15. Rcd1 h5
16. h3 Nce5 $1 17. Nxe5 Qxe5 18. g3 {1/2-1/2 Azmaiparashvili,Z-Morozevich,A/
Madrid 1996 (31)}) 11. Bf4 $1 $14 {[%csl Rd6][%cal Gf4c7] Weiß hat Raumvorteil
und seine Figuren stehen sehr gesund. Sein Bf4 steht besonders stark.Ribli.}
O-O 12. e5 Qb8 13. Bg3 (13. Bxh6 Nxe5 14. Bf4 Bd6 $13 {Die schwarze
Königsstellung ist ein wenig geschwächt, aber Schwarz hat ein sehr gutes
Springerfeld auf e5.Ribli.}) 13... Nxe5 $8 {Führt zum Qualitätsverlust, ist
aber dennoch die einzig spielbare Möglichkeit.Ribli.} 14. Re1 Bd6 15. Ndb5 {
[%csl Rd6][%cal Gg3b8]} Nxc4 (15... Bxb5 16. Nxb5 Nxc4 17. Nxd6 Nxd6 18. Bxd6
$16) 16. Nxd6 Nxd6 17. Bxd6 Qd8 18. Bxf8 Kxf8 {Weiß hat klaren Vorteil. Es
überrascht mich ein wenig, daß Kramnik diese Stellung nicht gewinnen konnte.
Eine Qualität mehr für nichts sollte sich früher oder später entscheidend
bemerkbar machen. Andererseits hat Schwarz keine Schwächen und einen Bauern
für die Qualität.Ribli.} 19. b4 $6 {Dieser Zug gefällt mir nicht. Da das nur
zu späterem Abtausch führt -was Anands Remischancen erhöht-, sollte Weiß die
Stellung geschlossener halten und langsamer spielen.Ribli.} (19. Qd6+ Qe7 20.
Red1) 19... a6 20. a4 Be8 21. Qxd8 Rxd8 22. Red1 Rb8 $1 $14 {Schwarz muß diese
Türme auf dem Brett halten.Ribli.} (22... Rxd1+ 23. Rxd1 $16) 23. f3 {Das ist
der beste Bauernaufbau, wenn der Gegner Bc6 spielen kann.Ribli.} Bc6 24. b5
axb5 25. axb5 Be8 26. Ra1 g5 $1 {Schwarz hat eine Bauernmajorität am
Königsflügel, das heißt er kann dort aktiv spielen. Es gehen zwar keine
konkreten Drohungen von diesem Zug aus, aber Schwarz gewinnt Raum.Ribli.} 27.
Ra7 Kg7 28. Rda1 Rc8 29. R1a3 Rc7 {[%csl Gc7] Ich glaube, Anand spielt die
besten Züge der ganzen Partie nach dem Qualitätsverlust. Der Turm steht aktiv
auf c7 und verteidigt gleichzeitig Pb7.Ribli.} 30. b6 Re7 31. R3a5 Bc6 {
[%csl Gc6]} 32. Rc5 Re8 (32... Kg6 $4 33. Rxc6 $18) 33. Ne2 Bd5 34. Rc7 Rd8 35.
Kf2 (35. Raxb7 Bxb7 36. Rxb7 $11) 35... Rd6 36. Nc3 Rxb6 37. Nxd5 Rb2+ 38. Kg1
(38. Kg3 Nxd5 (38... exd5 39. Raxb7 Nh5+ 40. Kg4 Rxb7 41. Rxb7 Kg6 42. Rb6+ f6
43. g3 (43. Rd6 Nf4 44. g3 $4 h5#) 43... Ng7 44. f4 (44. Rd6 Nf5) 44... Nf5)
39. Raxb7 $14 {Ich denke aber, daß diese Stellung näher am Remis als am weißen
Gewinn ist.Ribli.}) 38... Rb1+ 39. Kf2 Rb2+ 40. Kg1 Rb1+ 41. Kf2 {Und Remis
durch Zugwiederholung.Ribli.} 1/2-1/2